000
nam a22 7a 4500
999
_c
52634
_d
52634
003
OSt
005
20220627143140.0
008
220627b xxu||||| |||| 00| 0 eng d
040
_c
IIMT UNIVERSITY MEERUT
100
_a
V. RAJASEKARAN
245
_a
FINANCIAL ACCOUNTING
260
_b
PEARSON
300
_a
PEARSON
942
_2
ddc
_c
09